Vẽ kỹ thuật : có hướng dẫn ứng dụng Autocad
Cuốn sách giới thiệu những tiêu chuẩn cơ bản (TCVN) về vẽ kỹ thuật, đối chiếu với tiêu chuẩn quốc tế ISO; Cung cấp những kiến thức cần thiết để xây dựng một bản vẽ kỹ thuật đúng qui cách; Hướng dẫn cách sử dụng hợp lý các dụng...
Kaydedildi:
| Yazar: | |
|---|---|
| Materyal Türü: | Kitap |
| Dil: | Undetermined |
| Baskı/Yayın Bilgisi: |
Hà Nội
Khoa học và Kỹ thuật
2006
|
| Konular: | |
| Etiketler: |
Etiketle
Etiket eklenmemiş, İlk siz ekleyin!
|
| Thư viện lưu trữ: | Trung tâm Học liệu Trường Đại học Cần Thơ |
|---|
| LEADER | 01284nam a2200217Ia 4500 | ||
|---|---|---|---|
| 001 | CTU_121277 | ||
| 008 | 210402s9999 xx 000 0 und d | ||
| 020 | |c 30000 | ||
| 082 | |a 604.2 | ||
| 082 | |b Nh502 | ||
| 100 | |a Phạm, Văn Nhuần | ||
| 245 | 0 | |a Vẽ kỹ thuật : | |
| 245 | 0 | |b có hướng dẫn ứng dụng Autocad | |
| 245 | 0 | |c Phạm Văn Nhuần, Nguyễn Văn Tuấn | |
| 260 | |a Hà Nội | ||
| 260 | |b Khoa học và Kỹ thuật | ||
| 260 | |c 2006 | ||
| 520 | |a Cuốn sách giới thiệu những tiêu chuẩn cơ bản (TCVN) về vẽ kỹ thuật, đối chiếu với tiêu chuẩn quốc tế ISO; Cung cấp những kiến thức cần thiết để xây dựng một bản vẽ kỹ thuật đúng qui cách; Hướng dẫn cách sử dụng hợp lý các dụng cụ vẽ khi thực hiện các bài tập vẽ kỹ thuật; Cung cấp những khái niệm cơ bản về hình học hoạ hình để nắm được các phương pháp biểu diễn vật thể ba chiều lên mặt phẳng | ||
| 650 | |a Mechanical drawing | ||
| 904 | |i Năm | ||
| 980 | |a Trung tâm Học liệu Trường Đại học Cần Thơ | ||